| 000 | 00598nam a2200217 a 4500 | ||
|---|---|---|---|
| 999 |
_c12035 _d12035 |
||
| 003 | BD-JhCC | ||
| 005 | 20211202134020.0 | ||
| 008 | 210308b20062013bg |||| ||a| 000 0 mul d | ||
| 035 | _a(BD-JhCC) | ||
| 040 |
_aBD-JhCC _dBD-JhCC |
||
| 041 | _amul | ||
| 082 |
_a004 _bASH 2013 |
||
| 100 | _aashrafi, bappi | ||
| 245 |
_aC++ Programming _cbappi ashrafi |
||
| 260 |
_aঢাকা : _bনোভা কম্পিউটার; _c২০১৩. |
||
| 300 |
_a232 _c22 cm. |
||
| 650 | _aC++ (Computer program language) | ||
| 650 | _aComputer programming | ||
| 942 |
_2ddc _cBK _02 |
||